000 00948nam a2200313 a 4500
001 20591
003 BD-RjUL
005 20211209000602.0
008 140301t1954 enkh 001 0 eng
020 _a0710049145
020 _a0710049196 (pbk)
035 _a55-00833
035 _a(BD-RjUL)20653
040 _aDLC
_cOSU
_dSER
_dm.c
_beng
041 _aeng
082 0 4 _a821.3
_bJOP 1954
100 1 _aJonson, Ben,
_d1573?-1637.
_963530
245 1 0 _aPoems of Ben Jonson /
_cedited with an introduction by George Burke Johnston
260 _aLondon :
_bRoutledge & Kegan Paul,
_c1954.
300 _aliv, 353 p. :
_bfacsims ;
_c18 cm.
500 _aIncludes reproductions of original title pages
504 _aincludes index.
650 1 _a Love poetry.
_963531
700 1 _aJohnston, George Burke,
_d1907-1995
_963532
830 0 _aMuses' library
_963534
942 _2ddc
_cBK
999 _c20591
_d20591